000 00305nam a22001337a 4500
008 221012b ||||| |||| 00| 0 eng d
041 _aeng
080 _2THIRD EDITION
_a610.73
082 _a610.73
100 _a9
101 _aINF
245 _aFUNDAMENTALS OF NURSING
_cLIPPINCOTT J
942 _2udc
_cBK
999 _c58514
_d58514